[Event "POL-chT U20 2nd League"]
[Site "Sypniewo"]
[Date "2020.??.??"]
[Round "5.52"]
[White "Nowakowski, Maksymilian"]
[Black "Seo, Ian"]
[Result "0-1"]
[WhiteElo "1113"]
[BlackElo "1031"]
[PlyCount "70"]
[EventDate "2020.10.23"]
[EventType "team-swiss"]
[EventRounds "9"]
[EventCountry "POL"]
[SourceTitle "CBM 199 Extra"]
[Source "ChessBase"]
[SourceDate "2021.01.31"]
[SourceVersion "1"]
[SourceVersionDate "2021.01.31"]
[SourceQuality "1"]

1. d4 d5 2. c4 e6 3. Nc3 Nf6 4. Bg5 Be7 5. Nf3 c6 6. e3 Nbd7 7. Ne5 0-0 8. Nxd7 Bxd7 9. Qc2 Qa5 10. a3 dxc4 11. Bxc4 Qxg5 12. f4 Qg6 13. Bd3 Qh6 14. 0-0-0 Nd5 15. Rde1 f5 16. Qd2 Nxc3 17. Qxc3 Rac8 18. Kb1 c5 19. Reg1 cxd4 20. Qxd4 Rfd8 21. Qxa7 Bc6 22. Bc2 Qh5 23. Bd1 Qg6 24. Bf3 Bxf3 25. gxf3 Qf6 26. Rg2 Bc5 27. Qa4 Bxe3 28. Qb3 Bxf4 29. Rhg1 g6 30. h4 Qe7 31. h5 g5 32. Qa4 Kf7 33. h6 Qd7 34. Qb4 Qd3+ 35. Ka1 Qxf3 0-1